| 000 | 01902nam0a2200385 4500 | ||
|---|---|---|---|
| 001 | RU\NLR\bibl\1671095 | ||
| 005 | 20250616044357.0 | ||
| 010 |
_a978-5-94223-544-4 _9500 |
||
| 021 |
_aRU _b2010-57947 _93793 |
||
| 035 | _a(nilc)RSL-KNO-004712186 | ||
| 035 | _a(NLR Aleph) 001662356 | ||
| 090 |
_a989679 _c989679 |
||
| 100 | _a20100726d2010 |||y0rusy50 ca | ||
| 101 | 0 | _arus | |
| 102 | _aRU | ||
| 105 | _aa ||||||||| | ||
| 200 | 1 |
_aВрожденный сифилис _eклинико-морфологические особенности, эпидемиологические аспекты и оптимизация организационно-профилактических мероприятий в современных условиях _fИ. Е. Торшина _gГос. образовательное учреждение высш. проф. образования "Смоленская гос. мед. акад. Росздрава", Каф. кожных и венерических болезней с курсом врачебной косметологии |
|
| 210 |
_aСмоленск _cГОУ ВРО СГМА Росздрава _d2010 |
||
| 215 |
_a165 с. _cил., табл. _d21 |
||
| 320 | _aБиблиогр.: с. 156-163 | ||
| 606 | 1 |
_aВрождённый сифилис _9914065 _3RU\NLR\auth\6614741 |
|
| 610 | 0 | _aЗдравоохранение. Медицинские науки -- Венерология -- Сифилис -- Пособие для специалистов | |
| 686 |
_aР591,07 _2rubbk |
||
| 686 | _aР733.591-358 | ||
| 686 | _aР716.216.591 | ||
| 686 | _aР194.959 | ||
| 700 | 1 |
_aТоршина _bИ. Е. _gИрина Евгеньевна _4070 |
|
| 801 | 0 |
_aRU _bРГБ _c20100726 _grcr |
|
| 801 | 1 |
_aRU _bРГБ _c20100726 |
|
| 801 | 2 |
_aRU _bNLR _c20100903 _grcr |
|
| 830 | _aпо кн | ||
| 942 | _cBOOK | ||
| 980 | _aNB | ||
| 980 | _aNBR | ||